000 01122nam a22003257a 4500
003 CHAP
005 20220329141021.0
008 971013s1991 r 00010 d
010 _a61358
011 _a62330
035 _a66504
040 _cCHAP
090 _aFolleto 14718
100 0 0 _aCalderón Alcaraz, Esteban.
_917368
245 _aPoda de rejuvenecimiento y arreglo de árboles descuidados
260 _aPuebla, Pue. :
_bColegio de Postgraduados. Centro de Enseñanza, Investigación y Capacitación para el Desarrollo Agrícola Regional,
_c(1991)
300 _a71 p.
_b: ilus.
590 _aBATCH-UPD
_b10
_c20130110
_lUCH01
_h0032
590 _aBATCH-UPD
_b10
_c20130110
_lUCH01
_h1123
590 _aBATCH-UPD
_b10
_c20130409
_lUCH01
_h2015
590 _aBATCH-UPD
_b10
_c20130410
_lUCH01
_h0713
590 _aBATCH-UPD
_b10
_c20130914
_lUCH01
_h1842
590 _aCONVERSION
_b10
_c20130109
_lUCH01
_h1333
650 1 4 _aArboricultura.
_96699
650 1 4 _aPoda.
_989467
700 0 _aNúñez Tovar, Ramón.
_981980
901 _aBK
942 _cFOLL
949 _aFolleto 14718
_bBC
_cUACH
_d-151715
_eUACH
_i66504
_si
999 _c61358
_d61358